[Event "E Chess.com Grand Swiss 2021"]
[Site "Chess.com"]
[Date "2021.11.05"]
[Round "9"]
[White "Gelfand, Boris"]
[Black "Movsesian, Sergei"]
[Result "1-0"]
[WhiteElo "2674"]
[BlackElo "2618"]
[EventDate "2021.??.??"]
[Annotator "Bojkov,Dejan"]
[PlyCount "73"]
[Beauty "7907437463130"]
[EventType "team-tourn"]
[EventCountry "FID"]

1.d4 d5 2.c4 c6 3.Nf3 Nf6 4.Nc3 dxc4 5.e4 b5 6.Be2 e6 7.a4 $5 {Exploring less charted territory. There were just four games played so far in this line but since it got some exposure, Gelfand decided to uncork his novelty.} ( {Another super-exciting game in the line went:} 7.O-O Bb7 8.Rb1 Nbd7 9.b3 Bb4 10.Qc2 Bxc3 11.Qxc3 Nxe4 12.Qe3 c5 13.bxc4 b4 14.d5 exd5 15.cxd5 Bxd5 16.Rd1 O-O 17.Rxd5 Nc3 18.Bc4 Nxb1 19.Qd3 {with more tactical strikes to follow by both sides, which eventually ended in a draw, Li, C (2683)-Ma,Q (2630) Liaocheng 2021} ) 7...b4 ( {One of the very fresh games of the tournament went} 7...Bb7 8.axb5 cxb5 9.e5 Ne4 10.Nxb5 Bb4+ 11.Kf1 Bd5 12.Na3 Bxa3 13.Rxa3 O-O 14.h4 {Zhou,J (2629)-Cori,J (2655) FIDE Chess.com Grand Swiss 2021} ) 8.e5 bxc3 9.exf6 cxb2 10.fxg7 bxa1=Q ( {An there was another game of Zhou in Riga:} 10...Bxg7 11.Bxb2 Qa5+ 12.Nd2 Ba6 13.Rc1 O-O 14.O-O Nd7 15.Bxc4 Bxc4 16.Nxc4 Qd5 17.Ne3 Qe4 18.a5 {with an edge for White in Zhou,J (2629)-Bartel,M (2597) FIDE Chess.com Grand Swiss 2021} ) 11.gxh8=Q {A picturesque position! I am not sure, in which other opening line we get four queens as early as on move 11!} 11...Qa5+ 12.Nd2 $146 {\"I kind of prepared this sacrifice, but I could not remember so much.\" (Gelfand)} ( {The earlier game was equally wild and went} 12.Kf1 Q5xa4 13.Qxa4 Qxa4 14.g3 Nd7 15.Kg2 Bb7 16.Bf4 O-O-O 17.Qxh7 Qa2 18.Nd2 c5+ 19.Bf3 Qa6 20.Rb1 Bxf3+ 21.Nxf3 Qc6 {and Black managed to consolidate in Halkias,S (2553) -Heinemann,J (2255) Riga 2019. Interestingly, it seems as almost all the games in this line were played in Tal's birth city Riga!} ) 12...c3 13.O-O {The actual sacrifice, which was already forced.} 13...cxd2 14.Bxd2 Qxd1 15.Rxd1 {And, here we are, almost a \"normal\" position. At least from a queen count perspective.} 15...Qxa4 {Already a very risky decision by Movsesian. It is not about the pawn, rather the Armenian GM tries to keep the enemy pieces tied up.} ( {The computer believes that} 15...Qf5 {to keep the queen close to the kingside is the only defence. Then} 16.Bh6 $2 {leads White nowhere due to} ( {Black however, might have been afraid of the spectacular} 16.d5 $3 {The pawn is immune:} 16...cxd5 $2 {For} ( {Equally bad for Black is} 16...exd5 $2 17.Bb4 Nd7 18.Bd3 {and the check along the freshly opened e-file would be deadly.} ) ( {But, there was an equally amazing defence:} 16...Qg6 $3 {Black is threatening to swap the queens. Then one of the many amazing lines runs} 17.Qe5 Nd7 18.Qc7 {Rerouting the major attacker still leads to problems for Black. Somehow, it seems as he holds though with} 18...exd5 19.Bh5 $3 Qxh5 20.Re1+ Be7 21.Bb4 Qh4 $1 22.Bxe7 Qxe7 23.Rxe7+ Kxe7 24.Qxc6 Rb8 ( {A slightly tricky improvement is} 24...Bb7 $1 25.Qh6 Rc8 {when anything is possible.} ) 25.h4 {Although the same Tal would have loved to have the queen in this position.} ) 17.Bb4 Nd7 18.Bb5 {pins Black decisively.} ) ( 16.Bb4 $2 {is helping Black just as the other pin and he does well with} 16...Nd7 ) 16...Nd7 {With the simple but strong threat Qf5-f6!} ) 16.Qxh7 {Gelfand decided to try an original plan. Rather than mating the enemy king he wants...} ( {Actually, it seems as there was nothing wrong with the direct mating play:} 16.Bh5 $1 Nd7 {Then another bunch of brilliant moves} ( {Or} 16...Qb5 17.d5 $3 {To win again some time.} 17...cxd5 18.Qg8 Qb7 19.Rc1 Na6 {And now a move that a human being can hardly remember or understand:} 20.h3 $3 {with an edge for White.} ) 17.Bg5 $1 h6 18.Bh4 $3 Qb5 19.d5 $1 cxd5 20.Qg8 Ne5 21.Bf6 {lead to huge attack for White.} ) 16...a5 {Movsesian is trying to bring the rook out for the defence.} ( {Stronger was to sacrifice a pawn in return:} 16...e5 $1 {in order to bring the light-squared bishop out at once. After} 17.Bh6 ( {Or} 17.h4 Be6 18.h5 Nd7 19.h6 O-O-O {and the black rook can participate in the defense against the white passer.} ) 17...Qb4 18.dxe5 Be6 {the position is extremely complex, and White apparently has plenty for the piece.} ) 17.h4 $3 {This is what the Israeli GM had in mind. The pawn is extremely powerful.} 17...Ra7 {Waiting for the pawn to make another step.} ( {This time} 17...e5 {comes late due to} 18.h5 Be6 19.h6 Nd7 20.Bg5 $1 {when Black will not get a chance to castle.} ) 18.h5 Ba6 {Now there is no Be2-h5, but:} 19.Bf3 $1 {is equally good for White.} 19...Rd7 ( {The other try was} 19...Nd7 20.h6 Rb7 {when after} 21.Qg8 ( {However, the power move that we shall see later in the game} 21.Bg5 $1 {would push Black on the ropes.} ) 21...Bd3 22.h7 Bxh7 23.Qxh7 Nf6 24.Qh4 {the position seems unclear.} ) 20.h6 {Gelfand forces matters.} ( {The calm} 20.Be3 $1 {was surprisingly strong too.} ) 20...Rxd4 ( {The other capture} 20...Qxd4 {should not have saved Black either after} 21.Qg8 Bd3 22.Bg5 $3 {The same idea! The black bishop is pinned and in order to stop the h-passer Black needs to play} 22...Qe5 23.Bh5 Bg6 {When} 24.Rxd7 {wins in all lines, e.g.} 24...Qxg5 ( {Or} 24...Kxd7 25.Qxf8 Qxg5 26.Bxg6 Qxg6 27.Qg7 $1 ) ( {And finally} 24...Nxd7 25.Bxg6 fxg6 26.Qxg6# ) 25.Rxf7 $1 ) 21.Bh5 Rd7 ( {The last chance was} 21...Qxd1+ $1 22.Bxd1 Rxd2 23.Bh5 Rd7 {although here too, White should prevail thanks to the centralization:} 24.Qe4 $1 {when} 24...Bxh6 {loses to} ( {Whereas} 24...Bd3 {leads to large advantage for White after} 25.Qxe6+ Kd8 26.Qe5 Na6 27.Qxa5+ Nc7 28.Qg5+ $1 ( {Or} 28.Qe5 $1 ) ) 25.Qxe6+ ) 22.Qg8 Bd3 23.Bg5 $1 {One threat is to sacrifice the exchange for the bishop and promote.} 23...Bg6 ( {Another is to mate in case of any other bishop retreat:} 23...Bf5 24.Qxf7+ Rxf7 25.Rd8# ) 24.Re1 $3 {Suddenly, Gelfand switches back to the attack and this time it proves unstoppable as Movsesian also has a huge passer to deal with.} 24...Bxh5 25.h7 {The passer will be crowned!} 25...Qb4 ( {Or another sweet mate after} 25...Bg6 26.Qxf8+ Kxf8 27.h8=Q# ) 26.Rxe6+ ( {Not yet} 26.h8=Q $2 Qxe1+ 27.Kh2 Qb4 {when nothing is clear!} ) 26...fxe6 27.Qxe6+ Re7 28.Qc8+ Kf7 29.Qf5+ ( {Avoiding the temptation again:} 29.h8=Q $2 Re1+ 30.Kh2 Qd6+ 31.g3 Bg6 ) 29...Ke8 30.Qc8+ Kf7 31.Qf5+ Ke8 32.h8=Q {Finally! It was quite the run!} 32...Re1+ 33.Kh2 Bg4 ( {With the queen centralized} 33...Qd6+ {does not bother White:} 34.Bf4 ) 34.Qg6+ {The two queens quickly finish Black.} 34...Kd7 35.Qf7+ Be7 36.Qhe8+ Kc7 37.Bxe7 1-0

[Event "E World Championship 2021"]
[Site "FIDE"]
[Date "2021.11.27"]
[Round "2"]
[White "Carlsen, Magnus"]
[Black "Nepomniachtchi, Ian"]
[Result "1/2-1/2"]
[WhiteElo "2855"]
[BlackElo "2782"]
[EventDate "2021.??.??"]
[Annotator "samsh"]
[PlyCount "116"]
[Beauty "5225498808330"]
[EventType "match"]
[EventRounds "2"]
[EventCountry "FID"]

1.d4 {Game two of the FIDE World Championship 2021 followed a very different script than game one. Rather than a nitty-gritty endgame, the players quickly reached a wild middlegame that was next-to-impossible to play well. Every other move was a mistake, but this had nothing to do with the players playing badly and everything to do with the position simply being complicated! It's really surprising to me that, so far, both players have really managed to show strong ideas with White as early as the first game. Normally, Black is equalizing easily at the start of these matches. I suspect this one will be more bloody than the last couple.} 1...Nf6 2.c4 e6 {The first minor surprise. Nepo has mostly relied on the Grunfeld in the past.} 3.Nf3 d5 4.g3 {Magnus chooses the Catalan, and Nepo goes for the old mainline.} 4...Be7 5.Bg2 O-O 6.O-O dxc4 7.Qc2 b5 $5 {A very enterprising move, and a suprising practical decision. Magnus was the one who put it back on the map in his first game, playing Black against the Catalan, after the 2018 World Championship match, where he only faced 1.e4. I suspect this is what he must have prepared for that match and likely would have some very deep analysis.} ( 7...a6 {This is much more common, and has been seen in endless top level games. I even chose it in my most recent classical game myself!} ) 8.Ne5 $5 {And now this is almost a novelty. There are no correspondence games, and just 15 OTB games, with none played by anyone too notable. But Magnus was still playing reasonably quickly and confidently. He was surely still in his preparation.} 8...c6 {This is a typical response. White does not want to take the pawn.} 9.a4 ( 9.Nxc6 $2 Nxc6 10.Bxc6 Rb8 $15 {White got the pawn back, but has an unpleasant position thanks to Black's extra space.} ) 9...Nd5 10.Nc3 ( 10.axb5 {The machine prefers this one, and I found some truly remarkable lines while poking around, but they didn't really work for White at the end of the day. Magnus' choice seems stronger.} ) 10...f6 11.Nf3 Qd7 {This is a safe looking move, and a very understandable choice against an opponent who is clearly still in preparation. Under other circumstances, Nepo might have considered 11...b4 as a feistier alternative.} ( 11...b4 {This has to be the critical move, hitting the knight with a gain of tempo, gaining space, and getting ready for Ba6 next. The position gets very messy very fast, for example after} 12.Ne4 Ba6 13.Nc5 $1 Bxc5 14.dxc5 {when White is ready for some e4 and Rd1, and he has obvious compensation for the missing pawn, but the game is still very messy. I let my computer run for a long time here, and it eventually settled on equal. I'm sure Magnus had checked it much further and found some ways to put a lot of pressure on Black's position. We may end up seeing these lines play out in subsequent games!} ) 12.e4 $1 {Now White is taking a lot of space in the center.} 12...Nb4 13.Qe2 Nd3 $5 {Very ambitious, and I like it! Nepo clearly is not playing scared, despite being caught in the opening by the World Champion. Black gets ready for b4 next. If he can pull this off, White will be worse.} ( 13...N8a6 {This was a reasonable alternative, but White has obvious compensation for the pawn after} 14.Be3 ) 14.e5 $1 {Clearing the e4-square for the knight.} 14...Bb7 {This feels like the most human move, although the machines prefer pushing f6-f5.} ( 14...f5 {This was a more solid alternative, but I do not mind Nepo's move.} 15.axb5 Bb7 $1 ( 15...cxb5 $6 16.d5 $1 {Black is rapidly losing control. After} 16...exd5 17.Ne1 $1 Nxc1 18.Rxc1 Bb7 19.e6 $36 {Black's position will soon start to crumble. Once Rd1 comes and d5 falls, things could get very bad very fast.} ) 16.Ne1 cxb5 17.d5 Nc5 $1 {Black has things more or less under control, and the machine claims he is fine. But this feels a bit inhuman to me, and I am not surprised that Nepo chose another direction.} ) 15.exf6 Bxf6 16.Ne4 Na6 {White has obvious compensation for the pawn, but now Magnus took a very aggressive decision. I really doubt he missed any basic tactics; I suspect he just overestimated his compensation for the exchange. Still, the position remained totally unclear to the human eye.} 17.Ne5 $6 {The machines really hate this move, particularly in connection with how Magnus played down the road, but to the human eye, the position is still totally unclear.} ( 17.Nxf6+ {This should have been preferred. After} 17...gxf6 ( 17...Rxf6 18.Ne5 $1 Nxe5 19.dxe5 {This leaves Black in a very bad way, with Be3 and a rook coming to d6 on the agenda.} ) 18.Bh6 Rf7 19.b3 $5 {White has excellent compensation for the missing pawn. It will be hard for Black to keep the position under control, and the machine is already saying he needs to find some only moves.} 19...Nab4 $1 20.Nd2 $1 {And apparently here, f6-f5 is the only clean equalizer, which I doubt I would even consider. In practice, it feels super hard for a human to play the black side of this position.} ) 17...Bxe5 18.dxe5 Nac5 19.Nd6 Nb3 20.Rb1 $5 {Magnus may have overestimated his compensation here, but this is very easy to do. Take the position after Black goes rook grabbing...} ( 20.Be3 {This was a fine alternative, and should be around equal.} ) 20...Nbxc1 21.Rbxc1 Nxc1 22.Rxc1 {I was watching without a machine running around here, and I was naive enough to believe White might even be better. The first question you always need to ask yourself when evaluating any exchange sacrifice is \"how good are the rooks\". For now, they are quite bad! Certainly, neither black rook is any better than the d6-knight. In the meantime, some combination of Rd1, Be4, and Qh5 looks incredibly dangerous, as Black's king will be super lonely without the help of the b7-bishop or h8 rook. The machine just laughs and claims Black is much better, but in human terms, I am not sure I believe he has any advantage at all, much less a big one.} 22...Rab8 $1 {Black needs to activate his rooks. Opening the b-file would solve that problem.} 23.Rd1 Ba8 24.Be4 c3 $2 {This one is a little mysterious to me. I guess Nepo wanted to give himself a passed a-pawn, but it's hard to believe he is ready to go make a queen anytime soon.} ( 24...g6 $1 {This should have been preferred. Black prevents Qh5 and could be getting ready for Qg7. The machines claim he is clearly better, but I'm not totally convinced. White can play Qg4 to threaten a sac on g6, or h4 instending h5, or just bishop back to g2 to go Ne4-f6. Lots of ideas, and it is very hard for black to keep all the balls in the air. It's very understandable why Nepo did not play this way.} ) ( 24...bxa4 {At some point, the machines suggested this move, but it's not enough for an edge.} 25.Bxh7+ $1 Kxh7 26.Qh5+ Kg8 27.Rd4 $1 {Black faces a vicious attack, but should make a draw after} 27...Qe7 $1 28.Rh4 Qxh4 29.Qxh4 Rxb2 30.Qxc4 {I'd imagine White will have to give a perpetual sooner rather than later.} ) 25.Qc2 ( 25.bxc3 $5 bxa4 26.Qc2 {This also looked totally playable for White.} ) 25...g6 26.bxc3 {Apparently here, Black could have been better by letting White take on g6 and then just ignoring the bishop. Such things don't really occur to a human.} 26...bxa4 ( 26...a5 27.Bxg6 Qg7 {And Black is better? Whaddya know. This is not going to happen in human practice.} ) 27.Qxa4 Rfd8 {At this point, despite Stockfish's insistence on absolute equality, I think White is having a lot more fun in practice. Around here, I thought Magnus would have real chances to score the full point, but Nepo kept his head above water.} 28.Ra1 c5 29.Qc4 Bxe4 30.Nxe4 Kh8 $1 31.Nd6 Rb6 32.Qxc5 Rdb8 33.Kg2 $1 {An important move. White makes sure not to let a pair of rooks trade.} 33...a6 ( 33...Qc6+ $2 {This is too desperate. After} 34.Qxc6 Rxc6 35.Rxa7 $1 {Black will face a real uphill battle defending this endgame.} 35...Rxc3 36.Nf7+ Kg8 37.Ng5 $16 {White wins a second pawn, and this will be a nightmare to defend.} ) 34.Kh3 $1 {Avoiding the queen exchange.} 34...Rc6 35.Qd4 Kg8 36.c4 Qc7 37.Qg4 {This allows Black to bail out into a pawn-down but easily drawn ending.} ( 37.Kg2 {Perhaps this would have been a bit more patient. I like White's position, but breaking through is another story.} ) 37...Rxd6 38.exd6 Qxd6 39.c5 Qxc5 40.Qxe6+ Kg7 41.Rxa6 Rf8 {Black is holding easily despite the pawn deficit. 3 vs 2 is so dead that I'm even somewhat surprised Magnus played as long as he did once the queens came off the board.} 42.f4 Qf5+ 43.Qxf5 Rxf5 44.Ra7+ Kg8 45.Kg4 Rb5 46.Re7 Ra5 47.Re5 Ra7 48.h4 Kg7 49.h5 Kh6 50.Kh4 Ra1 51.g4 Rh1+ 52.Kg3 gxh5 53.Re6+ Kg7 54.g5 Rg1+ 55.Kf2 Ra1 56.Rh6 Ra4 57.Kf3 Ra3+ 58.Kf2 Ra4 {I think Magnus was the clear moral winner of the day. He really managed to get a fighting position, and while he misplayed it at some moments and gave Nepo some chances (at least according to the machine), I don't think he was ever particularly close to losing. This should give him more confidence that he can take risks, knowing that he is totally capable of fighting back in complicated positions where things have gone awry and the computer doesn't rate his chances too highly. His white preparation looks very practical and impressive so far. It will be interesting to see if he repeats the same endgame tomorrow. I did not get the impression that Black was easily equalizing, but he certainly will have studied the positions more and might have reached a different conclusion. For the last 2 matches, he kept the same black repertoire throughout, but I somehow suspect he will be the first to deviate in game 3. We find out tomorrow!} 1/2-1/2